Statistics for The 9/11 Attacks

Click here to take the quiz!

General Stats

  • This quiz has been taken 12,839 times
  • The average score is 12 of 19

Answer Stats

Hint Answer % Correct
Cities that were attackedNew York City
99%
Specific buildings that were
attacked
World Trade Center
97%
Specific buildings that were attackedPentagon
94%
Cities that were attackedWashington, DC
92%
Leader of the aboveOsama Bin Laden
92%
Completely unrelated country that
the U.S. invaded in 2003
Iraq
90%
Nation that harbored terrorists and
was invaded in 2001
Afghanistan
87%
Terrorist organization responsibleal-Qaeda
87%
Cuban naval base that became
an extrajudicial prison
Guantanamo Bay
73%
"Drowning" torture illegally used
by the U.S.
Waterboarding
67%
15 of 19 hijackers were citizens
of this country
Saudi Arabia
66%
Islamist group that ruled the aboveTaliban
57%
Mayor of NYC at the timeRudy Giuliani
47%
Flight that crashed in PennsylvaniaUnited {93}
38%
Anti-terrorism cabinet department
created in 2003
Homeland Security
37%
Government surveillance act
approved by the Senate, 99-1
Patriot Act
36%
Weapon used to highjack
the planes
Boxcutter
36%
Last words of Todd Beamer,
passenger of the above
Let's {Roll}
29%
Term for a person who believes
9/11 was a conspiracy
Truther
18%

Score Distribution

Percentile by Number Answered

Percent of People with Each Score

Your Score History

You have not taken this quiz